Historia del derecho penal argentino.

Сохранить в:
Библиографические подробности
Главный автор: Levaggi, Abelardo (autor)
Формат:
Язык:испанский
Опубликовано: Buenos Aires, Argentina: Perrot, 1978.
Серии:Facultad de Derecho y Ciencias Sociales. Instituto de Historia del Derecho Ricardo Levene. Lecciones de Historia Jurídica, IV.
Предметы:
Метки: Добавить метку
Нет меток, Требуется 1-ая метка записи!

MARC

LEADER 00000nam a2200000 a 4500
001 UCM9708
003 CL-VaPUC
005 20250423114420.0
008 030509e19780000AG |||||||||||||||||spa|d
999 |c 303849  |d 303847 
040 |c Pontificia Universidad Católica de Valparaíso 
082 0 4 |a 345.82 LEV 1978  |2 21 
100 |a Levaggi, Abelardo  |e autor  |9 548564 
245 1 0 |a Historia del derecho penal argentino. 
260 |a Buenos Aires, Argentina:  |b Perrot,  |c 1978. 
300 |a 218 páginas.  
490 0 |a Facultad de Derecho y Ciencias Sociales. Instituto de Historia del Derecho Ricardo Levene. Lecciones de Historia Jurídica, IV.  
500 |a c.2 Donación Familia Prof. Alejandro Guzmán Brito.  
583 |a last modification  |c 20030509 00:00:00  |k Rodrigo Vera 
650 0 |a Derecho penal argentino  |9 473868 
650 0 |a Historia del derecho  |9 255109  |z Argentina 
942 |c BK  |2 ddc  |n 0 
945 |d 20030509 00:00:00  |a cmena 
952 |0 0  |1 0  |4 0  |6 345_820000000000000_LEV_1978  |7 0  |8 A  |9 365424  |a BIBDER  |b BIBDER  |d 2019-11-21  |i 3902935  |o 345.82 LEV 1978  |p 3902935  |r 2019-11-21  |w 2019-11-21  |y BK  |k DER